Hospodářský a sociální vývoj České republiky ve světle statistiky (1989-1995) Příloha

Kompletné štatistické ukazovatele ČR za r. 1989-1995. Tabuľky sú doplnené poznámkami o obsahu niektorých ukazovateľov a metodických zmenách. Niektoré zo zachytených štatistických ukazovateľov sa nenachádzajú v oficiálnych štatistických ročenkách. Porovnanie dynamiky hospodárskeho rastu ČR s vyspelým...

Descripción completa

Guardado en:
Detalles Bibliográficos
Autor principal: Průcha, Václav
Formato: Capítulo de libro
Lenguaje:checo
Materias:
Etiquetas: Agregar Etiqueta
Sin Etiquetas, Sea el primero en etiquetar este registro!

MARC

LEADER 00000naa a2200000 4500
001 r028043
005 20230927115452.9
041 0 |a cze 
044 |a CZ 
245 1 0 |a Hospodářský a sociální vývoj České republiky ve světle statistiky (1989-1995)  |b Příloha  |c Václav Průcha 
520 |a Kompletné štatistické ukazovatele ČR za r. 1989-1995. Tabuľky sú doplnené poznámkami o obsahu niektorých ukazovateľov a metodických zmenách. Niektoré zo zachytených štatistických ukazovateľov sa nenachádzajú v oficiálnych štatistických ročenkách. Porovnanie dynamiky hospodárskeho rastu ČR s vyspelými trhovými ekonomikami, ako aj s krajinami strednej a východnej Európy. 
610 2 0 |a rozvoj hospodársky 
610 2 0 |a rozvoj sociálny 
610 2 0 |a Česko 
610 2 0 |a 1989-1995 
610 2 0 |a ukazovatele štatistické 
610 2 0 |a rast hospodársky 
610 2 0 |a SVE 
610 2 0 |a porovnanie štatistické medzinárodné 
100 1 |a Průcha, Václav